000 00539nam a2200205Ia 4500
005 20240823052826.0
008 240823s9999||||xx |||||||||||||| ||und||
020 _a978-1-4758-0231-3
041 _aENGLISH
082 _A370.150973 Q3
100 _a"Gonzalez-DeHass,Alyssa R"
245 0 _aTheories in Educational Psychology
250 _a1st
260 _c2013
_bRowman & Littlefield Publisher
500 _aYES
650 _aEducational Psychology
_bGeneral
700 _a" Willems,Patricia P"
942 _cBK
999 _c222773
_d222773